Science Quiz

Random Science Quiz

Pharmacology quiz A-Z Stats

 Plays Quiz not verified by Sporcle

Score 0/22 Timer 04:00
0 Plays Today
Hint Drug % Correct
B) Slows your HeartBisoprolol
68.6%
W) Thins your bloodWarfarin
54.3%
A) Protects your heartAspirin
45.7%
Q) Beats your malariaQuinine
45.7%
N) Eradicates your fungiNystatin
28.6%
I) Opens your airwaysIpratropium
27.1%
P) De-pressurises your eyesPilocarpine
27.1%
C) Cheers you upCitalopram
25.7%
R) Lowers your blood pressureRamipril
22.9%
V) Normalises your heartVerapamil
21.4%
O) Disinclines your vomitOndansetron
20%
Hint Drug % Correct
S) Reignites your fireSildenafil
20%
G) Eases your painGabapentin
18.6%
H) Calms you downHaloperidol
18.6%
L) Thwarts your acidLansoprazole
18.6%
F) Makes you peeFrusemide
17.1%
E) Gives you confidenceEthanol
15.7%
Z) Helps you sleepZopiclone
15.7%
T) Fights your water infectionTrimethoprim
14.3%
D) Dampens your swellingDiclofenac
11.4%
M) Awakens your bowelsMovicol
10%
U) Reduces your stonesUrsodiol
4.3%

You're not logged in!

Compare scores with friends on all Sporcle quizzes.
OR
Log In

You Might Also Like...

Show Comments

Extras

Created Nov 29, 2010ReportNominate
Tags:A-Z, drug, pharmacology

Top Quizzes Today


Score Distribution

Your Account Isn't Verified!

In order to create a playlist on Sporcle, you need to verify the email address you used during registration. Go to your Sporcle Settings to finish the process.

Report this User

Report this user for behavior that violates our Community Guidelines.

Details: